Online katalóg knižníc regiónu Turca

Rozprávky o zvieratkách (Record no. 22469)

MARC details
000 -LEADER
fixed length control field 00509nam a2200193 i 4500
001 - CONTROL NUMBER
control field 22469
005 - DATE AND TIME OF LATEST TRANSACTION
control field 20260330101531.0
008 - FIXED-LENGTH DATA ELEMENTS--GENERAL INFORMATION
fixed length control field 180220s2012 xr a b 000 j slo
020 ## - INTERNATIONAL STANDARD BOOK NUMBER
International Standard Book Number 9788089251940
040 ## - CATALOGING SOURCE
Language of cataloging slo
041 1# - LANGUAGE CODE
Language code of text/sound track or separate title slo
Language code of original spa
100 1# - MAIN ENTRY--PERSONAL NAME
Personal name Guardia, Guadalupe
Relationship ill
245 10 - TITLE STATEMENT
Title Rozprávky o zvieratkách
Statement of responsibility, etc. ilustrácie Guadalupe Guardiavá
264 #1 - PRODUCTION, PUBLICATION, DISTRIBUTION, MANUFACTURE, AND COPYRIGHT NOTICE
Place of production, publication, distribution, manufacture Bratislava
Name of producer, publisher, distributor, manufacturer Viktoria Print
Date of production, publication, distribution, manufacture, or copyright notice 2012
300 ## - PHYSICAL DESCRIPTION
Extent 140
655 #7 - INDEX TERM--GENRE/FORM
Genre/form data or focus term pohádky
Source of term czenas
655 #9 - INDEX TERM--GENRE/FORM
Genre/form data or focus term fairy tales
Source of term eczenas
942 ## - ADDED ENTRY ELEMENTS (KOHA)
Koha item type Odborná literatúra pre deti
Suppress in OPAC No
Holdings
Stav vyradenia Strata Poškodenie Spôsob nadobudnutia Domovská knižnica Aktuálna knižnica Dátum nadobudnutia Total checkouts Čiarový kód exemplára Date last seen Typ exemplára
      Dar Obecná knižnica Turčianska Štiavnička Obecná knižnica Turčianska Štiavnička 31.03.2026   4738000794 31.03.2026 Odborná literatúra pre deti
Projekt je podporený Slovenskou asociáciou knižníc
Prevádzkuje Turčianska knižnica Martin 2026